Statistics for Phoebe Bridgers - Scott Street (Lyrics)

Click here to take the quiz!

General Stats

  • This quiz has been taken 190 times
  • The average score is 128 of 142

Answer Stats

Answer% Correct
a
100%
stranger
100%
Do
99%
feel
99%
I
99%
an
98%
Scott
98%
Street,
98%
You
98%
you,
98%
you
98%
be
97%
feeling
97%
hear
97%
like
97%
Walking
97%
When
97%
when
97%
it
96%
me
96%
me?"
96%
my
96%
name?
96%
go
95%
ashamed
94%
container
94%
Don't
94%
don't
94%
got
94%
open
94%
make
93%
Said,
93%
said,
93%
"And
92%
And
92%
and
92%
does
92%
heart,
92%
It's
92%
"It's
92%
it's
92%
makes
92%
old"
92%
"That
92%
that
92%
to
92%
"What
92%
what
92%
With
92%
your
92%
is
91%
she
91%
the
91%
asked
90%
sister?
90%
heard
89%
"How
89%
too
89%
about
88%
all
88%
Anyway,
88%
carry"
88%
degree"
88%
getting
88%
her
88%
married"
88%
shit
88%
band?"
87%
drums?"
87%
much
87%
playing
87%
"They're
87%
I've
78%
plan
78%
beer,
76%
payment
76%
shower
76%
bed
74%
of
74%
that's
73%
Every
72%
I'll
72%
I'm
72%
night
72%
stack
72%
can
71%
earned
70%
head
70%
burn
69%
over
69%
money
68%
tall
67%
helicopters
66%
There's
63%
Spending
60%
lonely,
59%
mail
58%

Score Distribution

Percentile by Number Answered

Percent of People with Each Score

Your Score History

You have not taken this quiz